Casal Catòlic de Santa Maria de Moyà : fundat en l'any jubilar 1925 fundat en l'any jubilar 1925

Publicado: Sant Sadurní d'Anoia : Gràfics Varias , 1925
Descripción Física: 37 p. ; 16 cm

MARC

LEADER 00000nam a2200000Ia 4500
001 16142
008 160829s1925 xx 000 0 cat d
080 |a RF-15-40 
245 |a Casal Catòlic de Santa Maria de Moyà :  |b  fundat en l'any jubilar 1925 
260 |a Sant Sadurní d'Anoia:  |b Gràfics Varias,  |c 1925 
300 |a 37 p. ;  |c 16 cm 
590 |a Pròleg en català, text del reglament en castellà.  
590 |a Prové de 4178, exp. 115 
650 |a Casal Catòlic de Santa Maria de Moyà  |x Reglaments i procediment  |9 47052 
856 4 |u https://media.diba.cat/diba/fitxers/arxiu/fulletons/bib_16142_1925_baixa.pdf  |y Accés lliure 
856 4 |u https://media.diba.cat/diba/fitxers/arxiu/fulletons/bib_16142_1925_baixa.pdf  |y Accés lliure 
901 |a Arxiu 
942 |n 1  |2 udc 
952 |0 0  |1 0  |4 0  |6 RF1540  |7 1  |9 53630  |a Arxiu  |b Arxiu  |d 2016-12-01  |l 0  |o RF-15-40  |p 16142  |r 2016-12-01 00:00:00  |w 2016-12-01  |y ARXIU 
999 |c 57496  |d 57496 
900 |a bib_16142_1925_baixa.pdf